| 000 | 00540nam a2200181Ia 4500 | ||
|---|---|---|---|
| 008 | 140609s9999 xx 000 0 und d | ||
| 020 | _a9780553375398 | ||
| 050 |
_aHV 2474 _b.C67 1995 |
||
| 100 | _aCostello, Elaine. | ||
| 245 |
_aSigning : _bhow to speak with your hands / _cElaine Costello ; illustrated by Lois A. Lehman |
||
| 250 | _aRev. ed. | ||
| 260 |
_aToronto ; New York : _bBantam Books, _cc1995. |
||
| 300 |
_a262 p. : _bill. ; _c28 cm. |
||
| 500 | _aIncludes index. | ||
| 521 | _aGE | ||
| 942 |
_kFOR _cBK |
||
| 999 |
_c118061 _d118061 |
||